Los alquimistas : fundadores de la química moderna /

Guardado en:
Detalles Bibliográficos
Autor principal: Taylor, F. Sherwood (autor)
Otros autores: Giral, Angela (traducción) (traducción), Giral, Francisco (traducción) (traducción)
Formato: Libro
Idioma:Español
Publicado: México : Fondo de Cultura Económica, 1977, c1957
Colección:(Breviarios ; 130)
Temas:
Etiquetas: Agrega una etiqueta
Sin etiquetas, Sé el primero en etiquetar este registro!

MARC

LEADER 00000nam^a2200000^a^4500
001 000070482
005 20250521000000.0
009 20260310091444.271
037 |a Acervo ITESO - Biblioteca 
041 |a ESP 
082 |a 082.  |b BRE V. 130 
100 |a Taylor, F. Sherwood  |e (autor) 
245 1 4 |a Los alquimistas :  |b fundadores de la química moderna /  |c F.S. Taylor ; tr. por A. Giral, F. Giral. 
264 4 |a México :  |b Fondo de Cultura Económica,  |c 1977, c1957 
300 |a 236 p. 
336 |a texto  |b txt  |2 rdacontenido 
337 |a sin mediación  |b n  |2 rdamedio 
338 |a volumen  |b nc  |2 rdasoporte 
440 1 |a (Breviarios ;  |v 130) 
500 |a Traducción de: The Alchemists, Founders of Modern Chemistry 
649 |a XX 
650 |a Alquimia -  |x Tema Principal 
650 |a Química -  |x Historia 
700 |a Giral, Angela  |e (traducción) 
700 |a Giral, Francisco  |e (traducción) 
910 |a Fondo Armando Suárez Gómez 
920 |a Impresos - Libros 
930 |a Fondos Especiales 
905 |a 111 
901 |a 0700000222  |b IT2  |c ESP  |u 20250521 
902 |a https://opac.biblio.iteso.mx/vufind/Record/000070482